[Event "España ch Sub-16 2008"]
[Site "Padron ESP"]
[Date "2008.07.20"]
[Round "1.1"]
[White "Perera Borrego, Mariela"]
[Black "Alonso Rosell, Alvar"]
[Result "0-1"]
[PlyCount "82"]
[EventDate "2008.07.20"]
[EventType "swiss"]
[EventRounds "9"]
[EventCountry "ESP"]
[Source "lmi"]
[SourceDate "2008.07.20"]
[WhiteElo "1889"]
[BlackElo "2393"]

1. d4 Nf6 2. Nf3 c5 3. d5 b5 4. c4 Qa5+ 5. Bd2 b4 6. Qc2 d6 7. e4 g6 8. Bd3 Bg7
9. O-O O-O 10. h3 Nbd7 11. Bf4 Qc7 12. Nbd2 Nh5 13. Bh2 e5 14. Ne1 Ndf6 15. Be2
Nf4 16. Bxf4 exf4 17. Nd3 g5 18. Nb3 a5 19. a4 Nd7 20. Bg4 Re8 21. Rfe1 Ne5 22.
Bxc8 Qxc8 23. Nxe5 Bxe5 24. Qe2 Kh8 25. Nc1 f5 26. exf5 f3 27. Qxf3 Bxb2 28.
Nd3 Bxa1 29. Rxa1 Qd8 30. Rc1 Qf6 31. g4 Re7 32. Kg2 Qd4 33. Qg3 Rae8 34. Rd1
Qf6 35. Rd2 Re4 36. Nb2 Re2 37. Qd3 Rxd2 38. Qxd2 h6 39. Nd1 Qd4 40. Qxd4+ cxd4
41. Kf1 d3 0-1

[Event "España ch Sub-16 2008"]
[Site "Padron ESP"]
[Date "2008.07.20"]
[Round "1.2"]
[White "Arribas Lopez, Angel"]
[Black "Etxagibel Larranaga, Asier"]
[Result "1-0"]
[PlyCount "65"]
[EventDate "2008.07.20"]
[EventType "swiss"]
[EventRounds "9"]
[EventCountry "ESP"]
[Source "lmi"]
[SourceDate "2008.07.20"]
[WhiteElo "2332"]
[BlackElo "1887"]

1. e4 c5 2. Nf3 Nc6 3. Bb5 g6 4. O-O Bg7 5. Re1 Nf6 6. e5 Nd5 7. Nc3 Nc7 8.
Bxc6 dxc6 9. h3 O-O 10. d3 Bf5 11. Ne2 Qc8 12. Ng3 Be6 13. Be3 b6 14. c4 Rd8
15. Qe2 Bd7 16. Rad1 Ne6 17. Qd2 Be8 18. Bh6 Bh8 19. Re4 Bd7 20. Rh4 Qc7 21.
Re1 Bc8 22. Re3 Nd4 23. Ng5 Bxe5 24. Nxh7 Bxg3 25. Rxg3 Nf5 26. Bf4 Qd7 27. Be5
Qe6 28. Qf4 Nxg3 29. fxg3 f6 30. Bxf6 exf6 31. Nxf6+ Kf8 32. Rh8+ Ke7 33. Rh7+
1-0

[Event "España ch Sub-16 2008"]
[Site "Padron ESP"]
[Date "2008.07.20"]
[Round "1.3"]
[White "Perez Cuadrado Robles, Alejandro"]
[Black "Espinosa Aranda, Angel"]
[Result "0-1"]
[PlyCount "68"]
[EventDate "2008.07.20"]
[EventType "swiss"]
[EventRounds "9"]
[EventCountry "ESP"]
[Source "lmi"]
[SourceDate "2008.07.20"]
[WhiteElo "1885"]
[BlackElo "2313"]

1. e4 c5 2. Nf3 Nc6 3. d4 cxd4 4. Nxd4 Nf6 5. Nc3 d6 6. Be3 Ng4 7. Bb5 Nxe3 8.
Nxc6 Nxd1 9. Nxd8+ Kxd8 10. Rxd1 a6 11. Bc4 e6 12. a4 Bd7 13. O-O Rc8 14. Bb3
Kc7 15. f4 Be7 16. e5 d5 17. f5 Rhf8 18. Kh1 g6 19. Bxd5 exd5 20. Nxd5+ Kd8 21.
Nf4 Ke8 22. f6 Bc5 23. Rfe1 Be6 24. Nxe6 fxe6 25. Re4 Rd8 26. Rf1 Rd4 27. Re3
Kf7 28. Rh3 h5 29. Rc3 b6 30. a5 Rfd8 31. h3 Rd1 32. Rxd1 Rxd1+ 33. Kh2 h4 34.
b4 Bg1+ 0-1

[Event "España ch Sub-16 2008"]
[Site "Padron ESP"]
[Date "2008.07.20"]
[Round "1.4"]
[White "Senlle Caride, Miguel"]
[Black "Diez Viera, Oscar"]
[Result "1-0"]
[PlyCount "129"]
[EventDate "2008.07.20"]
[EventType "swiss"]
[EventRounds "9"]
[EventCountry "ESP"]
[Source "lmi"]
[SourceDate "2008.07.20"]
[WhiteElo "2289"]
[BlackElo "1882"]

1. e4 c5 2. Nf3 Nc6 3. Nc3 Nf6 4. d4 cxd4 5. Nxd4 d6 6. Bg5 e6 7. Qd2 Be7 8.
O-O-O a6 9. f3 O-O 10. g4 e5 11. Nb3 Be6 12. Be3 b5 13. Nd5 Bxd5 14. exd5 Na7
15. h4 Qc7 16. h5 Rfc8 17. Rh2 b4 18. g5 Nd7 19. g6 f5 20. gxh7+ Kh8 21. Bg5
Nf6 22. Bh3 a5 23. Qd3 a4 24. Nd2 Rcb8 25. h6 g6 26. Nc4 Nxh7 27. Bxe7 Qxe7 28.
f4 e4 29. Qd4+ Qf6 30. Qxf6+ Nxf6 31. Rg2 Nh5 32. Rxg6 Nxf4 33. Bxf5 Nxg6 34.
Bxg6 Nb5 35. Bxe4 Ra7 36. Bd3 Rf8 37. Ne3 Nc7 38. h7 Ne8 39. Ng2 Nf6 40. Nf4
Re8 41. Rg1 Rg7 42. Ng6+ Kxh7 43. Ne7+ Kh8 44. Rh1+ Nh7 45. Nf5 Ra7 46. Nxd6
Rd8 47. Ne4 Kg8 48. d6 Nf8 49. Rg1+ Kh8 50. Nf6 Nd7 51. Nd5 b3 52. Rh1+ Kg8 53.
Ne7+ Kf7 54. Nc6 Rda8 55. Nxa7 Rxa7 56. cxb3 axb3 57. Bc4+ Kf6 58. Bxb3 Ke5 59.
Rd1 Ra6 60. Rd5+ Ke4 61. Rd2 Ke5 62. Re2+ Kd4 63. Be6 Ra7 64. Bh3 Kd5 65. Re7
1-0

[Event "España ch Sub-16 2008"]
[Site "Padron ESP"]
[Date "2008.07.20"]
[Round "1.5"]
[White "Pareja Alvarez, Diego"]
[Black "Chueca Forcen, Alberto"]
[Result "0-1"]
[PlyCount "80"]
[EventDate "2008.07.20"]
[EventType "swiss"]
[EventRounds "9"]
[EventCountry "ESP"]
[Source "lmi"]
[SourceDate "2008.07.20"]
[WhiteElo "1876"]
[BlackElo "2254"]

1. e4 Nf6 2. e5 Nd5 3. d4 d6 4. c4 Nb6 5. exd6 exd6 6. Nc3 Be7 7. Be3 c6 8. b3
Bf5 9. Bd3 Bxd3 10. Qxd3 d5 11. c5 N6d7 12. Nf3 Na6 13. a3 Nc7 14. O-O O-O 15.
b4 Ne6 16. b5 Qc7 17. Rfe1 Bf6 18. a4 a5 19. Rab1 b6 20. cxb6 Nxb6 21. Nd2 Rfd8
22. bxc6 Qxc6 23. Nb5 Nxa4 24. Rec1 Qa6 25. Qa3 Nb6 26. Rc6 Qb7 27. Rc2 Be7 28.
Qd3 Bb4 29. Nf3 Nc4 30. Na3 Nxe3 31. Qxe3 Qe7 32. Nb5 Rdb8 33. Nc3 Bxc3 34.
Rxb8+ Rxb8 35. Qxc3 Rb1+ 36. Rc1 Rxc1+ 37. Qxc1 Qc7 38. Qb2 h6 39. h3 a4 40.
Qb4 Qa7 0-1

[Event "España ch Sub-16 2008"]
[Site "Padron ESP"]
[Date "2008.07.20"]
[Round "1.6"]
[White "Sanchez Gonzalez, Sergio"]
[Black "Arce Calva, Elvira"]
[Result "1-0"]
[PlyCount "153"]
[EventDate "2008.07.20"]
[EventType "swiss"]
[EventRounds "9"]
[EventCountry "ESP"]
[Source "lmi"]
[SourceDate "2008.07.20"]
[WhiteElo "2228"]
[BlackElo "1876"]

1. c4 c5 2. Nf3 Nc6 3. Nc3 Nf6 4. d4 cxd4 5. Nxd4 d6 6. e4 g6 7. Be2 Bg7 8. Be3
O-O 9. O-O Bd7 10. Nb3 b6 11. f4 Rc8 12. Rc1 Nb4 13. a3 Na6 14. Nd4 Nc5 15. Bf3
Ne6 16. Nxe6 Bxe6 17. b3 Bd7 18. Nb5 a6 19. Nd4 Ne8 20. Qd2 Nc7 21. Rfd1 Ne6
22. Ne2 Bc6 23. Ng3 Qc7 24. Qf2 Rb8 25. b4 Qb7 26. f5 Nc7 27. Rb1 Rfd8 28. Rdc1
b5 29. Bd4 Bxd4 30. Qxd4 Qb6 31. Qxb6 Rxb6 32. c5 dxc5 33. Rxc5 Ne8 34. Rbc1
Ba8 35. Rc8 Rb8 36. Rxb8 Rxb8 37. e5 Bxf3 38. gxf3 a5 39. bxa5 Ra8 40. fxg6
hxg6 41. Ne4 Rxa5 42. Rc8 Kf8 43. Nc5 Ra7 44. Rb8 g5 45. e6 fxe6 46. Nxe6+ Kf7
47. Nxg5+ Kf6 48. Ne4+ Kf7 49. Rxb5 Rxa3 50. Rb7 Rd3 51. Kg2 Ng7 52. Ng5+ Kf6
53. h4 Nf5 54. Rb6+ Ke5 55. Rb5+ Kf6 56. Ne4+ Kg6 57. h5+ Kxh5 58. Rxf5+ Kg6
59. Re5 Kf7 60. Kg3 Rd1 61. Kf4 Rh1 62. Ng5+ Kf8 63. Kf5 Rh6 64. f4 Rf6+ 65.
Kg4 Ra6 66. Rb5 Kg7 67. Rb7 Kf8 68. f5 Ra4+ 69. Kh5 Ra8 70. Kg6 Ke8 71. Ne6 Rc8
72. Ra7 Rb8 73. Ra8 Rxa8 74. Nc7+ Kd8 75. Nxa8 Kd7 76. Nb6+ Kd8 77. Nd5 1-0

[Event "España ch Sub-16 2008"]
[Site "Padron ESP"]
[Date "2008.07.20"]
[Round "1.7"]
[White "Sacristan Latorre, Alberto"]
[Black "Coll Ortega, Jordi"]
[Result "0-1"]
[PlyCount "74"]
[EventDate "2008.07.20"]
[EventType "swiss"]
[EventRounds "9"]
[EventCountry "ESP"]
[Source "lmi"]
[SourceDate "2008.07.20"]
[WhiteElo "1870"]
[BlackElo "2206"]

1. e4 c5 2. Nf3 e6 3. d4 cxd4 4. Nxd4 Nc6 5. Nc3 Qc7 6. Be3 a6 7. a4 Nf6 8. Bd3
Bb4 9. O-O Nxd4 10. Bxd4 e5 11. Be3 Bxc3 12. bxc3 Qxc3 13. f4 d6 14. Qf3 Ng4
15. Bb6 O-O 16. f5 Qc6 17. a5 Nf6 18. c4 Nd7 19. Qg3 Nxb6 20. f6 g6 21. axb6
Qxb6+ 22. Kh1 h6 23. Qh4 Kh7 24. Rf3 Rg8 25. g4 g5 26. Qh5 Be6 27. Rh3 Rg6 28.
Rf1 Qd4 29. Rf5 Bxc4 30. Rxg5 Rag8 31. Bxc4 Qxe4+ 32. Kg1 Qxc4 33. Rxg6 Rxg6
34. g5 Qc1+ 35. Kf2 Qxg5 36. Qxg5 Rxg5 37. Rd3 Rf5+ 0-1

[Event "España ch Sub-16 2008"]
[Site "Padron ESP"]
[Date "2008.07.20"]
[Round "1.8"]
[White "Adan Bermudez, Sergio"]
[Black "Portela Gonzalez, Adrian"]
[Result "1-0"]
[PlyCount "75"]
[EventDate "2008.07.20"]
[EventType "swiss"]
[EventRounds "9"]
[EventCountry "ESP"]
[Source "lmi"]
[SourceDate "2008.07.20"]
[WhiteElo "2205"]
[BlackElo "1858"]

1. c4 e5 2. g3 Nc6 3. Bg2 d6 4. Nc3 Be6 5. Nd5 Qd7 6. Qa4 Nge7 7. d3 Nxd5 8.
cxd5 Nd8 9. Qb3 Bf5 10. e4 Bg6 11. Bg5 f6 12. Bh3 Qe7 13. Be3 c6 14. Ne2 Bf7
15. Nc3 h5 16. Qa4 g5 17. dxc6 bxc6 18. Nd5 Bxd5 19. exd5 g4 20. Bg2 Qc7 21.
dxc6 Bh6 22. Bb6 Qxb6 23. c7+ Ke7 24. Bxa8 Qxc7 25. Bd5 Qb6 26. O-O f5 27. Qb3
h4 28. Qxb6 axb6 29. a4 Nf7 30. Bxf7 Kxf7 31. b4 Bd2 32. a5 Bxb4 33. axb6 Bc5
34. b7 Rb8 35. Rfb1 d5 36. Ra8 Bd6 37. Rxb8 Bxb8 38. Rc1 1-0

[Event "España ch Sub-16 2008"]
[Site "Padron ESP"]
[Date "2008.07.20"]
[Round "1.9"]
[White "Perez Castellano, Susana"]
[Black "Pardo Simon, David"]
[Result "0-1"]
[PlyCount "40"]
[EventDate "2008.07.20"]
[EventType "swiss"]
[EventRounds "9"]
[EventCountry "ESP"]
[Source "lmi"]
[SourceDate "2008.07.20"]
[WhiteElo "1857"]
[BlackElo "2204"]

1. e4 e5 2. Nf3 Nc6 3. d4 exd4 4. Nxd4 Bb4+ 5. c3 Bc5 6. Be3 Bb6 7. Nxc6 bxc6
8. Bxb6 axb6 9. c4 Qh4 10. Bd3 d6 11. Qf3 Ra5 12. Nc3 Nf6 13. h3 O-O 14. O-O
Rg5 15. Kh2 Ng4+ 16. Kh1 Rg6 17. Nd1 Rf6 18. Qe2 Ne5 19. Qe3 Rf3 20. gxf3 Qxh3+
0-1

[Event "España ch Sub-16 2008"]
[Site "Padron ESP"]
[Date "2008.07.20"]
[Round "1.10"]
[White "Herrera Delgado, Alejandro"]
[Black "De La Cruz Revilla, Miguel"]
[Result "1-0"]
[PlyCount "41"]
[EventDate "2008.07.20"]
[EventType "swiss"]
[EventRounds "9"]
[EventCountry "ESP"]
[Source "lmi"]
[SourceDate "2008.07.20"]
[WhiteElo "2204"]
[BlackElo "1855"]

1. e4 g6 2. d4 d6 3. Nc3 Bg7 4. Bg5 Nf6 5. e5 Nfd7 6. exd6 cxd6 7. Qd2 Nc6 8.
Nf3 Qa5 9. h4 Nf6 10. O-O-O Bd7 11. Bc4 h6 12. Bf4 Nh5 13. Be3 Rc8 14. Bb3 b5
15. Rhe1 Qb4 16. Kb1 Na5 17. Qe2 Nxb3 18. axb3 Bf5 19. g4 Rxc3 20. gxf5 Rc7 21.
Bd2 1-0

[Event "España ch Sub-16 2008"]
[Site "Padron ESP"]
[Date "2008.07.20"]
[Round "1.11"]
[White "Anaya Lopez, Gonzalo Javier"]
[Black "Forcen Esteban, Daniel"]
[Result "1/2-1/2"]
[PlyCount "86"]
[EventDate "2008.07.20"]
[EventType "swiss"]
[EventRounds "9"]
[EventCountry "ESP"]
[Source "lmi"]
[SourceDate "2008.07.20"]
[WhiteElo "1851"]
[BlackElo "2200"]

1. e4 c5 2. Nc3 d6 3. f4 Nc6 4. Nf3 e6 5. d3 g6 6. Be2 Bg7 7. O-O Nge7 8. Qe1
O-O 9. Bd1 Rb8 10. Qh4 f5 11. a4 b6 12. Ne2 a6 13. Ng5 h6 14. Nf3 b5 15. axb5
axb5 16. g4 Bb7 17. Qg3 Kh7 18. h4 Qe8 19. Rf2 Nd8 20. e5 fxg4 21. Qxg4 Bxf3
22. Rxf3 dxe5 23. fxe5 Rxf3 24. Qxf3 Ndc6 25. Bf4 Nf5 26. Ra6 Rc8 27. Qe4 Nb4
28. Ra7 Qc6 29. Qxc6 Nxc6 30. Rb7 Nxh4 31. Nc3 g5 32. Bh2 Kg6 33. Nxb5 Nxe5 34.
Rxg7+ Kxg7 35. Bxe5+ Kg6 36. Nd6 Ra8 37. b3 h5 38. Ne4 Ra5 39. Bc3 Rb5 40. Bf6
Ra5 41. Bc3 Rb5 42. Bf6 Ra5 43. Bc3 Rb5 1/2-1/2

[Event "España ch Sub-16 2008"]
[Site "Padron ESP"]
[Date "2008.07.20"]
[Round "1.12"]
[White "Baragano Campa, David"]
[Black "Martinez Vecillas, Javier"]
[Result "1-0"]
[PlyCount "71"]
[EventDate "2008.07.20"]
[EventType "swiss"]
[EventRounds "9"]
[EventCountry "ESP"]
[Source "lmi"]
[SourceDate "2008.07.20"]
[WhiteElo "2177"]
[BlackElo "1851"]

1. e4 e6 2. d4 a6 3. Nf3 b5 4. Bd3 Bb7 5. O-O Nf6 6. Re1 c5 7. c3 cxd4 8. cxd4
Be7 9. Nbd2 O-O 10. a4 b4 11. Nb3 a5 12. Bg5 d6 13. Qe2 Nbd7 14. Red1 h6 15.
Bf4 Qb6 16. e5 Ne8 17. Nfd2 dxe5 18. Bxe5 Bd5 19. Nc4 Bxc4 20. Bxc4 Nef6 21.
Rac1 Rfd8 22. Bd3 Rac8 23. Ba6 Rxc1 24. Rxc1 Nxe5 25. dxe5 Nd5 26. Qb5 Qxb5 27.
Bxb5 Nf4 28. g3 Nd3 29. Bxd3 Rxd3 30. Nxa5 Rd2 31. Nc4 Re2 32. Kf1 Re4 33. a5
Rd4 34. a6 Bc5 35. Nd6 Ba7 36. Rc7 1-0

[Event "España ch Sub-16 2008"]
[Site "Padron ESP"]
[Date "2008.07.20"]
[Round "1.13"]
[White "Molinero Gomez, Sandra"]
[Black "Gago Padreny, Ignacio"]
[Result "0-1"]
[PlyCount "48"]
[EventDate "2008.07.20"]
[EventType "swiss"]
[EventRounds "9"]
[EventCountry "ESP"]
[Source "lmi"]
[SourceDate "2008.07.20"]
[WhiteElo "1849"]
[BlackElo "2169"]

1. e4 c5 2. Nc3 e6 3. g3 Nc6 4. Bg2 g6 5. d3 Bg7 6. f4 Nge7 7. Nf3 O-O 8. O-O
d6 9. Be3 b6 10. d4 Ba6 11. Re1 Qc7 12. Qd2 Na5 13. Rad1 Nc4 14. Qc1 Nxe3 15.
Qxe3 Nc6 16. e5 cxd4 17. Nxd4 Nxd4 18. Rxd4 dxe5 19. fxe5 Rad8 20. Ra4 Bc8 21.
Qe4 Qc5+ 22. Kh1 b5 23. Rb4 Bb7 24. Na4 Qf2 0-1

[Event "España ch Sub-16 2008"]
[Site "Padron ESP"]
[Date "2008.07.20"]
[Round "1.14"]
[White "Herrera Reyes, Jose Antonio"]
[Black "Gallego Martin, Miguel"]
[Result "1/2-1/2"]
[PlyCount "86"]
[EventDate "2008.07.20"]
[EventType "swiss"]
[EventRounds "9"]
[EventCountry "ESP"]
[Source "lmi"]
[SourceDate "2008.07.20"]
[WhiteElo "2145"]
[BlackElo "1848"]

1. e4 c5 2. Nf3 e6 3. c3 Nf6 4. e5 Nd5 5. d4 cxd4 6. cxd4 b6 7. Nc3 Nxc3 8.
bxc3 Qc7 9. Bd2 Bb7 10. Bd3 d6 11. O-O Nd7 12. Bf4 Be7 13. Re1 Rc8 14. Rc1 Nf8
15. exd6 Bxd6 16. Ne5 Ng6 17. Bb5+ Ke7 18. Bg3 Rhd8 19. Qh5 a6 20. Nxg6+ hxg6
21. Bh4+ f6 22. Qxg6 Kf8 23. Bd3 Bxh2+ 24. Kf1 Bf4 25. Rc2 Qf7 26. Qh7 g5 27.
Bg3 Qxh7 28. Bxh7 Bxg3 29. fxg3 Bd5 30. Bd3 b5 31. Kf2 Kf7 32. g4 Bc4 33. Be4
Bd5 34. Bd3 Rc6 35. Rh1 Ke7 36. Ke3 Rdc8 37. Kd2 Bxg2 38. Rh7+ Kd6 39. Rf7 Bf3
40. Rxf6 Bxg4 41. Rg6 Bf3 42. Rxg5 Bd5 43. a3 Rh8 1/2-1/2

[Event "España ch Sub-16 2008"]
[Site "Padron ESP"]
[Date "2008.07.20"]
[Round "1.15"]
[White "Silva Rodriguez, Julio"]
[Black "Garcia Molina, Francisco Miguel"]
[Result "0-1"]
[PlyCount "74"]
[EventDate "2008.07.20"]
[EventType "swiss"]
[EventRounds "9"]
[EventCountry "ESP"]
[Source "lmi"]
[SourceDate "2008.07.20"]
[WhiteElo "1837"]
[BlackElo "2144"]

1. e4 e6 2. d4 d5 3. Bd3 Nc6 4. c3 dxe4 5. Bxe4 Bd7 6. Nf3 Nf6 7. Bd3 Bd6 8.
O-O h6 9. Nbd2 O-O 10. Re1 Ne7 11. Nc4 b5 12. Nxd6 cxd6 13. Bf4 Qb6 14. h3 Ned5
15. Bd2 Rfc8 16. Qb3 Rab8 17. a3 Qc7 18. Qc2 a5 19. Qc1 Qd8 20. b3 Nxc3 21.
Bxc3 b4 22. axb4 axb4 23. Bc2 Rxc3 24. Re3 Rbc8 25. Rxc3 Rxc3 26. Qd2 Bc6 27.
Ne1 Bd5 28. Nd3 Qb6 29. Nxb4 Rc8 30. Nxd5 Nxd5 31. Ra4 Kf8 32. Kh2 Ke7 33. g3
f5 34. Rc4 Ra8 35. Kg2 Qb7 36. f3 Ra2 37. Ra4 Rxc2 0-1

[Event "España ch Sub-16 2008"]
[Site "Padron ESP"]
[Date "2008.07.20"]
[Round "1.16"]
[White "Pruja Ramirez De Cartagena, Marc"]
[Black "Salido Polo, Veronica"]
[Result "1-0"]
[PlyCount "113"]
[EventDate "2008.07.20"]
[EventType "swiss"]
[EventRounds "9"]
[EventCountry "ESP"]
[Source "lmi"]
[SourceDate "2008.07.20"]
[WhiteElo "2136"]
[BlackElo "1835"]

1. e4 c5 2. Nf3 Nc6 3. d4 cxd4 4. Nxd4 e5 5. Nb5 a6 6. Nd6+ Bxd6 7. Qxd6 Qf6 8.
Qxf6 Nxf6 9. Nc3 Nb4 10. Kd2 d5 11. a3 d4 12. axb4 dxc3+ 13. Ke3 cxb2 14. Bxb2
Be6 15. Ra5 O-O 16. Bd3 Rfc8 17. h3 Nd7 18. Rha1 f6 19. f4 exf4+ 20. Kxf4 Nb6
21. Bd4 Nc4 22. Rc5 Rxc5 23. bxc5 Rd8 24. c3 g5+ 25. Kg3 Ne5 26. Be2 Kg7 27.
Kf2 Kg6 28. Rb1 Rd7 29. Rb6 Kf7 30. Ke3 Re7 31. Bh5+ Kg7 32. Be2 Kf7 33. Bxe5
fxe5 34. c6 bxc6 35. Rxa6 Rc7 36. c4 c5 37. Ra5 Rc6 38. Kd3 Kg6 39. Kc3 g4 40.
h4 g3 41. Kc2 h5 42. Ra3 Bg4 43. Rxg3 Kh6 44. Bxg4 hxg4 45. Rxg4 Kh5 46. Rg5+
Kxh4 47. Rxe5 Kg3 48. Rf5 Kxg2 49. Kb3 Rb6+ 50. Kc3 Rc6 51. Kd3 Kg3 52. e5 Kg4
53. Ke4 Ra6 54. Rf8 Ra1 55. Rg8+ Kh5 56. Kd5 Re1 57. e6 1-0

[Event "España ch Sub-16 2008"]
[Site "Padron ESP"]
[Date "2008.07.20"]
[Round "1.17"]
[White "Alonso Caamano, Ruben"]
[Black "Fernandez Garcia, Jose Miguel"]
[Result "0-1"]
[PlyCount "86"]
[EventDate "2008.07.20"]
[EventType "swiss"]
[EventRounds "9"]
[EventCountry "ESP"]
[Source "lmi"]
[SourceDate "2008.07.20"]
[WhiteElo "1832"]
[BlackElo "2135"]

1. Nf3 Nf6 2. g3 b6 3. d4 e6 4. Bg2 Bb7 5. c4 c5 6. O-O cxd4 7. b3 Bc5 8. Bb2
Qe7 9. Nxd4 Bxg2 10. Kxg2 O-O 11. Nd2 d5 12. N4f3 Rd8 13. Qc2 Nc6 14. Rad1 a5
15. Bxf6 Qxf6 16. cxd5 exd5 17. Qb1 h6 18. Rc1 Ba3 19. Rcd1 Rac8 20. e3 Bb4 21.
Qd3 Qb2 22. Qb1 Qf6 23. Qd3 Bc5 24. Nb1 Rd7 25. Nbd2 Rcd8 26. Rfe1 Qb2 27. Qb1
Qf6 28. Qd3 Nb4 29. Qb1 Qc3 30. a3 Nd3 31. Re2 Bxa3 32. Qa2 Nc1 33. Qxa3 Nxe2
34. Re1 Qd3 35. Nb1 Nc3 36. b4 axb4 37. Qxb4 Nxb1 38. Ne5 Qd2 39. Qxd2 Nxd2 40.
Nxd7 Rxd7 41. Re2 Nc4 42. Re1 d4 43. Rc1 d3 0-1

[Event "España ch Sub-16 2008"]
[Site "Padron ESP"]
[Date "2008.07.20"]
[Round "1.18"]
[White "Martin Fuentes, Alberto"]
[Black "Sevilla Subiza, Javier"]
[Result "1-0"]
[PlyCount "107"]
[EventDate "2008.07.20"]
[EventType "swiss"]
[EventRounds "9"]
[EventCountry "ESP"]
[Source "lmi"]
[SourceDate "2008.07.20"]
[WhiteElo "2124"]
[BlackElo "1830"]

1. e4 e6 2. d3 d5 3. Nd2 Nf6 4. g3 c5 5. Bg2 Nc6 6. f4 Be7 7. e5 Nd7 8. Ngf3 b5
9. O-O Qb6 10. c3 a5 11. h4 h6 12. h5 Ba6 13. Re1 O-O-O 14. Nf1 Rdg8 15. Bh3
Nf8 16. f5 Kb8 17. Bf4 Ka7 18. fxe6 Nxe6 19. Qd2 Bc8 20. Bg2 g6 21. hxg6 Rxg6
22. Be3 h5 23. b4 a4 24. bxc5 Bxc5 25. Nh4 Bxe3+ 26. Qxe3 Qxe3+ 27. Rxe3 Rg5
28. d4 Ne7 29. Rf3 Rg7 30. Ne3 Ng5 31. Rf2 Be6 32. Kh2 Rhg8 33. Raf1 Nh7 34.
Nhf5 Nxf5 35. Nxf5 Rg5 36. Bh3 Nf8 37. Nh6 R8g6 38. Bxe6 Nxe6 39. Rxf7+ Kb8 40.
Nf5 h4 41. Nxh4 Rg8 42. R1f6 Nd8 43. Rf8 Rxf8 44. Rxf8 Kc7 45. Kh3 Nc6 46. Rf7+
Kb6 47. e6 Rg8 48. e7 Re8 49. Nf5 Kc7 50. g4 Kd7 51. g5 Nxe7 52. Rxe7+ Rxe7 53.
Nxe7 Kxe7 54. Kg4 1-0

[Event "España ch Sub-16 2008"]
[Site "Padron ESP"]
[Date "2008.07.20"]
[Round "1.19"]
[White "Perez Gonzalez, Angela"]
[Black "Colon Garcia, Enrique"]
[Result "0-1"]
[PlyCount "44"]
[EventDate "2008.07.20"]
[EventType "swiss"]
[EventRounds "9"]
[EventCountry "ESP"]
[Source "lmi"]
[SourceDate "2008.07.20"]
[WhiteElo "1822"]
[BlackElo "2118"]

1. e4 c5 2. g3 d5 3. Bg2 dxe4 4. Bxe4 Nf6 5. Bg2 Nc6 6. Nc3 Bg4 7. Nge2 Nd4 8.
Bxb7 Nf3+ 9. Bxf3 Bxf3 10. Rg1 e5 11. d3 Be7 12. Be3 Rb8 13. Rb1 O-O 14. h3 Qa5
15. Kf1 Rfd8 16. Qe1 Qa6 17. Bg5 c4 18. d4 exd4 19. Nxd4 Rxd4 20. Qxe7 Re8 21.
Qb4 Qe6 22. g4 Nd5 0-1

[Event "España ch Sub-16 2008"]
[Site "Padron ESP"]
[Date "2008.07.20"]
[Round "1.20"]
[White "Antolin Concha, Diego"]
[Black "Pardo Simon, Leticia"]
[Result "1-0"]
[PlyCount "53"]
[EventDate "2008.07.20"]
[EventType "swiss"]
[EventRounds "9"]
[EventCountry "ESP"]
[Source "lmi"]
[SourceDate "2008.07.20"]
[WhiteElo "2115"]
[BlackElo "1809"]

1. e4 d5 2. exd5 Qxd5 3. Nc3 Qa5 4. Bc4 c6 5. d3 Nf6 6. Nge2 g6 7. O-O Bg7 8.
Kh1 O-O 9. Ng3 Nbd7 10. f4 Nb6 11. Bb3 Nbd5 12. Nxd5 Nxd5 13. f5 Bd7 14. Qe2
Rae8 15. fxg6 hxg6 16. Bd2 Qc7 17. c3 Be6 18. Ne4 Bf5 19. Ng5 Qe5 20. Qf2 Bf6
21. d4 Qd6 22. Qh4 Bxg5 23. Bxg5 Rc8 24. Bxd5 Qxd5 25. Bxe7 Rfe8 26. Bf6 Qd6
27. Qh8# 1-0

[Event "España ch Sub-16 2008"]
[Site "Padron ESP"]
[Date "2008.07.20"]
[Round "1.21"]
[White "Vega Sanchez, Tania"]
[Black "Marcos Pinto, Luis"]
[Result "0-1"]
[PlyCount "126"]
[EventDate "2008.07.20"]
[EventType "swiss"]
[EventRounds "9"]
[EventCountry "ESP"]
[Source "lmi"]
[SourceDate "2008.07.20"]
[WhiteElo "1807"]
[BlackElo "2115"]

1. e4 c5 2. Nf3 Nc6 3. d4 cxd4 4. Nxd4 e5 5. Nb3 Nf6 6. Bd3 d5 7. exd5 Nxd5 8.
Qf3 Be6 9. O-O Bd6 10. Rd1 Qb8 11. Be4 Nde7 12. Bg5 O-O 13. Nc3 h6 14. Be3 f5
15. Bd5 Nxd5 16. Nxd5 Qe8 17. Bc5 Bxc5 18. Nxc5 Rc8 19. Nxe6 Qxe6 20. Qb3 Kh7
21. Ne3 Qg6 22. c3 e4 23. Rd7 f4 24. Nf1 f3 25. g3 b6 26. Rad1 Qg4 27. Ne3 Qh3
28. Qd5 Rfe8 29. Qf7 Rg8 30. Qf5+ Qxf5 31. Nxf5 Rcd8 32. R1d6 Rxd7 33. Rxd7 Kg6
34. Ne7+ Nxe7 35. Rxe7 Rd8 36. h4 Rd1+ 37. Kh2 Rf1 38. Rxe4 Rxf2+ 39. Kh3 Rxb2
40. Rf4 Rxa2 41. Rxf3 Ra3 42. Rd3 Kf5 43. Rd7 g6 44. c4 h5 45. Rf7+ Ke6 46. Rg7
Kf6 47. Rd7 Ra4 48. Rc7 Kf5 49. Rd7 Rxc4 50. Rxa7 b5 51. Ra5 Rb4 52. Ra8 Rb1
53. Rf8+ Ke6 54. Rb8 b4 55. Rb6+ Kf5 56. Rb5+ Ke4 57. Kg2 b3 58. Rg5 Kd3 59.
Rxg6 Rd1 60. Rb6 Kc2 61. Rc6+ Kb1 62. Rb6 Rd3 63. Kf2 b2 0-1

[Event "España ch Sub-16 2008"]
[Site "Padron ESP"]
[Date "2008.07.20"]
[Round "1.22"]
[White "Bardera Gil, Sergi"]
[Black "Diaz Diaz, Herena"]
[Result "1/2-1/2"]
[PlyCount "105"]
[EventDate "2008.07.20"]
[EventType "swiss"]
[EventRounds "9"]
[EventCountry "ESP"]
[Source "lmi"]
[SourceDate "2008.07.20"]
[WhiteElo "2101"]
[BlackElo "1806"]

1. e4 c5 2. Nf3 e6 3. d4 cxd4 4. Nxd4 Nc6 5. Nc3 Qc7 6. Be2 a6 7. O-O b5 8. Be3
Bb7 9. Kh1 Rc8 10. a3 Nf6 11. f4 Nxd4 12. Qxd4 Bc5 13. Qd3 d5 14. Nxb5 axb5 15.
Qxb5+ Qd7 16. Bxc5 Nxe4 17. Qxd7+ Kxd7 18. Bd4 Rxc2 19. Bb5+ Ke7 20. Bd3 Rd2
21. Rfd1 Nf2+ 22. Bxf2 Rxf2 23. b4 Rxf4 24. Rdc1 Rc8 25. Rxc8 Bxc8 26. Rc1 Bd7
27. Kg1 e5 28. b5 Kd6 29. b6 Bc6 30. Bb5 Ba8 31. Rc8 Bb7 32. Rc7 Ba8 33. b7
Bxb7 34. Rxb7 d4 35. a4 e4 36. a5 d3 37. a6 d2 38. Rd7+ Kc5 39. Rxd2 e3 40. Ra2
Kxb5 41. a7 e2 42. Rxe2 Ra4 43. Re7 Kb6 44. Rxf7 Rxa7 45. Rxa7 Kxa7 46. Kf2 Kb6
47. Ke3 Kc6 48. Ke4 Kd6 49. Kf5 Kd5 50. g3 Kd6 51. h4 Ke7 52. g4 Kf7 53. Ke4
1/2-1/2